| 000 | 00528nam a2200193Ia 4500 | ||
|---|---|---|---|
| 005 | 20250326124126.0 | ||
| 008 | 250326s9999 xx 000 0 und d | ||
| 037 | _aTextbook | ||
| 040 |
_aFMSL _beng _cFMSL |
||
| 041 |
_aeng _2eng |
||
| 084 |
_aX:51 K6;1 _qFMSL |
||
| 100 |
_aDuncan D J _9270836 |
||
| 245 | 0 |
_aMarketing: principles and methods _cDuncan D J; Phillips C F |
|
| 250 | _a3 | ||
| 260 |
_aUSA _bUSA, Richard D Irwin _c1966 |
||
| 300 | _a789p | ||
| 942 |
_cTB _hX:51 K6;1 |
||
| 999 |
_c1272398 _d1272398 |
||